• 首页
  • 本馆介绍
  • 公告通知
  • 最新文献
  • 馆藏检索
  • 电子资源
  • 读者导购
  • 参考咨询
  • 我的图书馆
  • 登录
  • 详细信息显示
  • 放入我的书架
  • 预约/预借图书
  • 作者相关作品
  • 分类相关作品
  • 丛书相关作品
  • 出版社相关作品

书目信息

  • 表格格式
  • 工作单格式
  • 卡片格式
题名:
药物引起的营养缺乏症
    
 
作者: Roe , 罗伊 著 ;陈春明 译
分册:  
出版信息: 北京   人民卫生出版社  s1982
页数: 321页
开本: 19cm
丛书名:
单 册:
中图分类: R595.3
科图分类:
主题词: 药物--作用 , 全身性疾病
电子资源:
ISBN:
000 00824nam0 2200289 45 980
001 0629611390
005 20060815081401.17
010    @dCNY1.10
091    @a14048.4049
100    @a19980805 m 0
101 1  @achi@ceng
102    @aCN@b110000
105    @ay z 000yy
106    @ar
200 10 @a药物引起的营养缺乏症@Ayao wu yin qi de ying yang que fa zheng@f罗伊,Roe著@g陈春明译
210    @a北京@c人民卫生出版社@ds1982
215    @a321页@d19cm
300    @a书名原文:Drug-induced nutritional deficiencies
517 1  @aDrug-induced nutritional deficiencies@zeng
606    @a药物@x作用
606 0  @a全身性疾病
690    @aR595.3@v3
701 A1 @aRoe@bD.A.@4著@ARoe
701  1 @a罗伊@bD.A.@4著@Aluo yi
702  0 @a陈春明@4译@ACHEN CHUN MING
801 0  @c20060815
905    @a10447@dR595.3@e73
    
    药物引起的营养缺乏症/罗伊,Roe著/陈春明译 .-北京:人民卫生出版社,s1982
    321页;19cm
    书名原文:Drug-induced nutritional deficiencies
    
    ISBN :CNY1.10
    
●
相关链接 在E读中查询图书 在五车中查询图书 在当当中查询图书 在豆瓣中查询图书


正题名:药物引起的营养缺乏症     索取号:R595.3/73         预约/预借

序号 登录号 条形码 馆藏地/架位号 状态 备注
1 0458312   204583129   密集书库/ [索取号:R595.3/73] 在馆    
2 0458370   204583708   密集书库/ [索取号:R595.3/73] 在馆    
3 0458373   204583735   密集书库/ [索取号:R595.3/73] 在馆    
唐山师范学院图书馆 欢迎您!
大连网信软件有限公司© 版权所有